Silent Coup: How Corporations Overthrew Democracy (Record no. 43567)

MARC details
000 -LEADER
fixed length control field 01952cam a22004098i 4500
001 - CONTROL NUMBER
control field 22714383
005 - DATE AND TIME OF LATEST TRANSACTION
control field 20250404155007.0
008 - FIXED-LENGTH DATA ELEMENTS--GENERAL INFORMATION
fixed length control field 220721s2023 enk b 001 0 eng
010 ## - LIBRARY OF CONGRESS CONTROL NUMBER
LC control number 2022034526
020 ## - INTERNATIONAL STANDARD BOOK NUMBER
International Standard Book Number 9781350269989
020 ## - INTERNATIONAL STANDARD BOOK NUMBER
Canceled/invalid ISBN 9781350269996
020 ## - INTERNATIONAL STANDARD BOOK NUMBER
Canceled/invalid ISBN 9781350270008
020 ## - INTERNATIONAL STANDARD BOOK NUMBER
Canceled/invalid ISBN 9781350270015
041 ## - LANGUAGE CODE
Language code of text/sound track or separate title eng
042 ## - AUTHENTICATION CODE
Authentication code pcc
082 00 - DEWEY DECIMAL CLASSIFICATION NUMBER
Classification number 322.3 PRO
100 1# - MAIN ENTRY--PERSONAL NAME
Author Provost, Claire,
245 10 - TITLE STATEMENT
Title Silent Coup: How Corporations Overthrew Democracy
260 ## - PUBLICATION, DISTRIBUTION, ETC.
Place London
Publisher Bloomsbury Academic
Publication Year 2023
300 ## - PHYSICAL DESCRIPTION
Extent 281;.pages: 24 cm
504 ## - BIBLIOGRAPHY, ETC. NOTE
Bibliography, etc. note Includes bibliographical references and index.
520 ## - SUMMARY, ETC.
Summary, etc. "As European empires crumbled in the 20th century, the power structures that had dominated the world for centuries were up for renegotiation. Yet instead of a rebirth for democracy, what emerged was a silent coup - namely, the unstoppable rise of global corporate power. Exposing the origins of this epic power grab as well as its present-day consequences, Silent Coup is the result of two investigative journalist's reports from 30 countries around the world. It provides an explosive guide to the rise of a corporate empire that now dictates how resources are allocated, how territories are governed, and how justice is defined"--
650 #0 - SUBJECT ADDED ENTRY--TOPICAL TERM
Subject Business and politics; Big Business; Democracy
650 #0 - SUBJECT ADDED ENTRY--TOPICAL TERM
Subject Big business
650 #0 - SUBJECT ADDED ENTRY--TOPICAL TERM
Subject International business enterprises
650 #0 - SUBJECT ADDED ENTRY--TOPICAL TERM
Subject Democracy.
700 1# - ADDED ENTRY--PERSONAL NAME
Co-Author Kennard, Matt,
942 ## - ADDED ENTRY ELEMENTS (KOHA)
Koha item type Books
263 ## - PROJECTED PUBLICATION DATE
Projected publication date 2303
264 #1 - PRODUCTION, PUBLICATION, DISTRIBUTION, MANUFACTURE, AND COPYRIGHT NOTICE
Place of production, publication, distribution, manufacture London ;
-- New York :
Name of producer, publisher, distributor, manufacturer Bloomsbury Academic,
Date of production, publication, distribution, manufacture, or copyright notice 2023.
336 ## - CONTENT TYPE
Content type term text
Content type code txt
Source rdacontent
337 ## - MEDIA TYPE
Media type term unmediated
Media type code n
Source rdamedia
338 ## - CARRIER TYPE
Carrier type term volume
Carrier type code nc
Source rdacarrier
776 08 - ADDITIONAL PHYSICAL FORM ENTRY
Relationship information Online version:
Main entry heading Provost, Claire.
Title Silent coup
Place, publisher, and date of publication London ; New York : Bloomsbury Academic, 2023
International Standard Book Number 9781350269996
Record control number (DLC) 2022034527
906 ## - LOCAL DATA ELEMENT F, LDF (RLIN)
a 7
b cbc
c orignew
d 1
e ecip
f 20
g y-gencatlg
Holdings
Withdrawn status Lost status Source of classification or shelving scheme Damaged status Not for loan Home library Current library Shelving location Accession Date Vendor Price Bill number Total Checkouts Full call number Barcode No Date last seen Discount Bill Date Koha item type Suggested By
    Dewey Decimal Classification     IMTN IMTN Rack 5-B 03/27/2025 Raghav Books Private Limited 1199.00 2374   322.3 PRO 33840 04/04/2025 30 02/14/2025 Books Dr. Mantha Raghu (Head Librarian)
Designed & Maintained by: LRC IMT Nagpur Contact: lrc@imtnag.ac.in© 2024. All Rights Reserved.